书目信息 |
| 题名: |
苏菲的世界
|
|
| 作者: | 贾德 著 ;萧宝森 译 | |
| 分册: | ||
| 出版信息: | 北京 作家出版社 2007.10 |
|
| 页数: | 528页 | |
| 开本: | 21cm | |
| 丛书名: | ||
| 单 册: | ||
| 中图分类: | I533.45 | |
| 科图分类: | ||
| 主题词: | 长篇小说--chang pian xiao shuo--挪威--现代 | |
| 电子资源: | ||
| ISBN: | 978-7-5063-4127-1 | |
| 000 | 00909nam0 2200253 450 | |
| 001 | 012007281531 | |
| 005 | 20071204093322.32 | |
| 010 | @a978-7-5063-4127-1@dCNY26.00 | |
| 100 | @a20071204d2007 km y0chi0120 ea | |
| 101 | 1 | @achi@cnor |
| 102 | @aCN@b110000 | |
| 105 | @ay z 000ay | |
| 106 | @ar | |
| 200 | 1 | @a苏菲的世界@Asu fei de shi jie@d= Sophie's world@f乔斯坦·贾德著@Fqiao si tan·jia de zhu@g萧宝森译@Gxiao bao sen yi@zeng |
| 210 | @a北京@c作家出版社@d2007.10 | |
| 215 | @a528页@d21cm | |
| 330 | @a《苏菲的世界》以小说的形式,通过一名哲学导师向一个叫苏菲的女孩传授哲学知识的经过,揭示了西方哲学发展的历程。 | |
| 500 | 10 | @aSophie's world@mChinese |
| 606 | 0 | @a长篇小说@Achang pian xiao shuo@y挪威@z现代 |
| 690 | @aI533.45@v4 | |
| 701 | 1 | @a贾德@Ajia de@g(Gaarder, Jostein)@4著 |
| 702 | 0 | @a萧宝森@Axiao bao sen@4译 |
| 801 | 0 | @aCN@bQSSK@c20071204 |
| 905 | @b269860-62@dI533.45@eJ237@f3 | |
| 苏菲的世界= Sophie's world/乔斯坦·贾德著/萧宝森译.-北京:作家出版社,2007.10 |
| 528页;21cm |
| ISBN 978-7-5063-4127-1:CNY26.00 |
| 《苏菲的世界》以小说的形式,通过一名哲学导师向一个叫苏菲的女孩传授哲学知识的经过,揭示了西方哲学发展的历程。 |
| ● |
| 相关链接 |
|
|
|
正题名:苏菲的世界
索取号:I533.45/J237
 
预约/预借
| 序号 | 登录号 | 条形码 | 馆藏地/架位号 | 状态 | 备注 |
| 1 | 269860 | 202698606 | 社科二线400B/400B社科库 7排3列6层/ [索取号:I533.45/J237] | 在馆 | |
| 2 | 269861 | 202698615 | 社科二线400B/400B社科库 10排2列3层/ [索取号:I533.45/J237] | 在馆 | |
| 3 | 269862 | 202698624 | 社科二线400B/400B社科库 12排2列4层/ [索取号:I533.45/J237] | 在馆 |